Focus sur: Manwë - Tolkien - Statistiques

Statistiques générales
  • Ce quiz a été pris 16 fois
  • Le résultat moyen est 5 sur 8
Statistiques - réponses
Informations recherchées Réponses % Correct
Première apparition Le Silmarillion
100%
Espèce Vala
100%
Profession et titre Roi d'Arda
93%
Contrée Valinor
87%
Frère Melkor
67%
Epouse Varda
53%
Autres noms Súlimo
33%
Aran Einior
0%
Aucun quiz correspondant
Distribution des résultats
% des personnes avec chaque résultat
Percentile par nombre de réponses
Votre historique - résultats
Vous n’avez pas pris ce quiz